"VARIABILITA PRŮMĚRNÝCH ROČNÍCH ODTOKŮ Z MALÝCH POVODÍ" Odpověď na diskusní příspěvek J. Valčičáka k článku

Bibliographic Details
Main Author: Patera, Adolf, 1944-2003 (Author)
Format: Article
Language:Slovak
Czech

MARC

LEADER 00000nab a2200000 a 4500
001 vtls010723143
003 SK-MaSNL
005 20260304185657.0
008 250709s1972 xo |||||||||||||||||slo|
035 |a (urnnbn)urn:nbn:sk:snk:ar-a04tkf 
035 |a (uuid)98d41351-9da0-4909-9cc7-552d9ea9d511 
035 |a urn:nbn:sk:snk-ab3nle 
040 |a SNKBUCL  |b slo  |c SNKBUCL  |e AACR2 
041 0 |a cze 
044 |a xo  |c SK 
100 1 |a Patera, Adolf,  |d 1944-2003  |4 aut  |9 515690 
245 1 0 |a "VARIABILITA PRŮMĚRNÝCH ROČNÍCH ODTOKŮ Z MALÝCH POVODÍ"  |b Odpověď na diskusní příspěvek J. Valčičáka k článku  |c Adolf Patera 
773 0 |t Vodohospodársky časopis : časopis pre hydrológiu a hydromechaniku  |g Roč. 20, č. 4 (1972), s. 493 
850 |a Slovenská národná knižnica 
852 |a Slovenská národná knižnica 
958 |a article1 
958 |a OND 
958 |a EUIPO 
999 |c 3045342  |d 3047272